000
00218nam a22000977a 4500
999
_c
261615
_d
261614
100
_a
Donald J. Sobol
245
_a
Encyclopedia Brown
260
_a
Camdem
_b
Thomas Nelson & Sons
_c
1966
300
_a
96 pgs
942
_c
BK